<?xml version="1.0" encoding="UTF-8"?>
<collection xmlns="http://www.loc.gov/MARC21/slim">
 <record>
  <leader>02731nam a22003257a 4500</leader>
  <controlfield tag="001">NCT_65937</controlfield>
  <controlfield tag="008">190810b        xxu||||| |||| 00| 0 vie d</controlfield>
  <datafield tag="999" ind1=" " ind2=" ">
   <subfield code="c">3190</subfield>
   <subfield code="d">3190</subfield>
  </datafield>
  <datafield tag="020" ind1=" " ind2=" ">
   <subfield code="a">9786047352937</subfield>
   <subfield code="c">72000</subfield>
  </datafield>
  <datafield tag="082" ind1="0" ind2="4">
   <subfield code="2">23rd ed.</subfield>
   <subfield code="a">624.1834</subfield>
   <subfield code="b">T120</subfield>
  </datafield>
  <datafield tag="100" ind1="1" ind2=" ">
   <subfield code="a">Võ Bá Tầm</subfield>
  </datafield>
  <datafield tag="245" ind1="1" ind2="0">
   <subfield code="a">Kết cấu bê tông cốt thép : </subfield>
   <subfield code="b">Theo TCVN 5574 - 2012</subfield>
   <subfield code="n">Tập 3</subfield>
   <subfield code="p">Các cấu kiện đặc biệt </subfield>
   <subfield code="c">Võ Bá Tầm</subfield>
  </datafield>
  <datafield tag="250" ind1=" " ind2=" ">
   <subfield code="a">Tái bản lần thứ 8</subfield>
  </datafield>
  <datafield tag="260" ind1=" " ind2=" ">
   <subfield code="a">Tp. Hồ Chí Minh</subfield>
   <subfield code="b">Đại học Quốc gia Tp. Hồ Chí Minh</subfield>
   <subfield code="c">2017</subfield>
  </datafield>
  <datafield tag="300" ind1=" " ind2=" ">
   <subfield code="a">509 tr.</subfield>
   <subfield code="b">hình vẽ, bảng</subfield>
   <subfield code="c">24cm</subfield>
  </datafield>
  <datafield tag="500" ind1=" " ind2=" ">
   <subfield code="a">ĐTTS ghi: Đại học Quốc gia Thành phố Hồ Chí Minh. Trường đại học Bách khoa</subfield>
  </datafield>
  <datafield tag="520" ind1="3" ind2=" ">
   <subfield code="a">Nội dung về các cấu tạo kết cấu gồm: cầu thang, bể chứa chất lỏng, tường chắn đất, silô - bunke, kết cấu mái vỏ, cấu kiện chịu uốn xoắn.</subfield>
  </datafield>
  <datafield tag="653" ind1=" " ind2=" ">
   <subfield code="a">Kỹ thuật công trình xây dựng</subfield>
  </datafield>
  <datafield tag="942" ind1=" " ind2=" ">
   <subfield code="2">ddc</subfield>
   <subfield code="c">BK</subfield>
  </datafield>
  <datafield tag="952" ind1=" " ind2=" ">
   <subfield code="0">0</subfield>
   <subfield code="1">0</subfield>
   <subfield code="2">ddc</subfield>
   <subfield code="4">0</subfield>
   <subfield code="6">624_183400000000000_T120</subfield>
   <subfield code="7">0</subfield>
   <subfield code="9">17247</subfield>
   <subfield code="a">000001</subfield>
   <subfield code="b">000001</subfield>
   <subfield code="d">2019-08-10</subfield>
   <subfield code="o">624.1834 T120</subfield>
   <subfield code="p">MD.15570</subfield>
   <subfield code="r">2019-08-10</subfield>
   <subfield code="v">72000.00</subfield>
   <subfield code="w">2019-08-10</subfield>
   <subfield code="y">BK</subfield>
  </datafield>
  <datafield tag="952" ind1=" " ind2=" ">
   <subfield code="0">0</subfield>
   <subfield code="1">0</subfield>
   <subfield code="2">ddc</subfield>
   <subfield code="4">0</subfield>
   <subfield code="6">624_183400000000000_T120</subfield>
   <subfield code="7">0</subfield>
   <subfield code="9">17248</subfield>
   <subfield code="a">000001</subfield>
   <subfield code="b">000001</subfield>
   <subfield code="d">2019-08-10</subfield>
   <subfield code="o">624.1834 T120</subfield>
   <subfield code="p">MD.15571</subfield>
   <subfield code="r">2019-08-10</subfield>
   <subfield code="v">72000.00</subfield>
   <subfield code="w">2019-08-10</subfield>
   <subfield code="y">BK</subfield>
  </datafield>
  <datafield tag="952" ind1=" " ind2=" ">
   <subfield code="0">0</subfield>
   <subfield code="1">0</subfield>
   <subfield code="2">ddc</subfield>
   <subfield code="4">0</subfield>
   <subfield code="6">624_183400000000000_T120</subfield>
   <subfield code="7">0</subfield>
   <subfield code="9">17249</subfield>
   <subfield code="a">000001</subfield>
   <subfield code="b">000001</subfield>
   <subfield code="d">2019-08-10</subfield>
   <subfield code="o">624.1834 T120</subfield>
   <subfield code="p">MD.15572</subfield>
   <subfield code="r">2019-08-10</subfield>
   <subfield code="v">72000.00</subfield>
   <subfield code="w">2019-08-10</subfield>
   <subfield code="y">BK</subfield>
  </datafield>
  <datafield tag="952" ind1=" " ind2=" ">
   <subfield code="0">0</subfield>
   <subfield code="1">0</subfield>
   <subfield code="2">ddc</subfield>
   <subfield code="4">0</subfield>
   <subfield code="6">624_183400000000000_T120</subfield>
   <subfield code="7">0</subfield>
   <subfield code="9">17250</subfield>
   <subfield code="a">000001</subfield>
   <subfield code="b">000001</subfield>
   <subfield code="d">2019-08-10</subfield>
   <subfield code="o">624.1834 T120</subfield>
   <subfield code="p">MD.15573</subfield>
   <subfield code="r">2019-08-10</subfield>
   <subfield code="v">72000.00</subfield>
   <subfield code="w">2019-08-10</subfield>
   <subfield code="y">BK</subfield>
  </datafield>
  <datafield tag="952" ind1=" " ind2=" ">
   <subfield code="0">0</subfield>
   <subfield code="1">0</subfield>
   <subfield code="2">ddc</subfield>
   <subfield code="4">0</subfield>
   <subfield code="6">624_183400000000000_T120</subfield>
   <subfield code="7">0</subfield>
   <subfield code="9">17251</subfield>
   <subfield code="a">000001</subfield>
   <subfield code="b">000001</subfield>
   <subfield code="d">2019-08-10</subfield>
   <subfield code="o">624.1834 T120</subfield>
   <subfield code="p">MD.15574</subfield>
   <subfield code="r">2019-08-10</subfield>
   <subfield code="v">72000.00</subfield>
   <subfield code="w">2019-08-10</subfield>
   <subfield code="y">BK</subfield>
  </datafield>
  <datafield tag="952" ind1=" " ind2=" ">
   <subfield code="0">0</subfield>
   <subfield code="1">0</subfield>
   <subfield code="2">ddc</subfield>
   <subfield code="4">0</subfield>
   <subfield code="6">624_183400000000000_T120</subfield>
   <subfield code="7">0</subfield>
   <subfield code="9">17252</subfield>
   <subfield code="a">000001</subfield>
   <subfield code="b">000001</subfield>
   <subfield code="d">2019-08-10</subfield>
   <subfield code="o">624.1834 T120</subfield>
   <subfield code="p">MD.15575</subfield>
   <subfield code="r">2019-08-10</subfield>
   <subfield code="v">72000.00</subfield>
   <subfield code="w">2019-08-10</subfield>
   <subfield code="y">BK</subfield>
  </datafield>
  <datafield tag="952" ind1=" " ind2=" ">
   <subfield code="0">0</subfield>
   <subfield code="1">0</subfield>
   <subfield code="2">ddc</subfield>
   <subfield code="4">0</subfield>
   <subfield code="6">624_183400000000000_T120</subfield>
   <subfield code="7">0</subfield>
   <subfield code="9">17253</subfield>
   <subfield code="a">000001</subfield>
   <subfield code="b">000001</subfield>
   <subfield code="d">2019-08-10</subfield>
   <subfield code="l">1</subfield>
   <subfield code="o">624.1834 T120</subfield>
   <subfield code="p">MD.15576</subfield>
   <subfield code="r">2020-06-03</subfield>
   <subfield code="s">2020-05-19</subfield>
   <subfield code="v">72000.00</subfield>
   <subfield code="w">2019-08-10</subfield>
   <subfield code="y">BK</subfield>
  </datafield>
  <datafield tag="952" ind1=" " ind2=" ">
   <subfield code="0">0</subfield>
   <subfield code="1">0</subfield>
   <subfield code="2">ddc</subfield>
   <subfield code="4">0</subfield>
   <subfield code="6">624_183400000000000_T120</subfield>
   <subfield code="7">0</subfield>
   <subfield code="9">17254</subfield>
   <subfield code="a">000001</subfield>
   <subfield code="b">000001</subfield>
   <subfield code="d">2019-08-10</subfield>
   <subfield code="l">4</subfield>
   <subfield code="m">1</subfield>
   <subfield code="o">624.1834 T120</subfield>
   <subfield code="p">MD.15577</subfield>
   <subfield code="r">2020-07-14</subfield>
   <subfield code="s">2020-07-14</subfield>
   <subfield code="v">72000.00</subfield>
   <subfield code="w">2019-08-10</subfield>
   <subfield code="y">BK</subfield>
  </datafield>
  <datafield tag="952" ind1=" " ind2=" ">
   <subfield code="0">0</subfield>
   <subfield code="1">0</subfield>
   <subfield code="2">ddc</subfield>
   <subfield code="4">0</subfield>
   <subfield code="6">624_183400000000000_T120</subfield>
   <subfield code="7">0</subfield>
   <subfield code="9">17255</subfield>
   <subfield code="a">000001</subfield>
   <subfield code="b">000001</subfield>
   <subfield code="d">2019-08-10</subfield>
   <subfield code="o">624.1834 T120</subfield>
   <subfield code="p">MD.15578</subfield>
   <subfield code="r">2019-08-10</subfield>
   <subfield code="v">72000.00</subfield>
   <subfield code="w">2019-08-10</subfield>
   <subfield code="y">BK</subfield>
  </datafield>
  <datafield tag="952" ind1=" " ind2=" ">
   <subfield code="0">0</subfield>
   <subfield code="1">0</subfield>
   <subfield code="2">ddc</subfield>
   <subfield code="4">0</subfield>
   <subfield code="6">624_183400000000000_T120</subfield>
   <subfield code="7">0</subfield>
   <subfield code="9">17256</subfield>
   <subfield code="a">000001</subfield>
   <subfield code="b">000001</subfield>
   <subfield code="d">2019-08-10</subfield>
   <subfield code="l">1</subfield>
   <subfield code="m">1</subfield>
   <subfield code="o">624.1834 T120</subfield>
   <subfield code="p">MD.15579</subfield>
   <subfield code="r">2020-06-03</subfield>
   <subfield code="s">2020-05-11</subfield>
   <subfield code="v">72000.00</subfield>
   <subfield code="w">2019-08-10</subfield>
   <subfield code="y">BK</subfield>
  </datafield>
  <datafield tag="980" ind1=" " ind2=" ">
   <subfield code="a">Thư viện Trường Đại học Nam Cần Thơ</subfield>
  </datafield>
 </record>
</collection>
